|
|
|
|
| LEADER |
01215nam a22003495i 4500 |
| 001 |
978-3-8350-5514-8 |
| 003 |
DE-He213 |
| 005 |
20120626141651.0 |
| 007 |
cr nn 008mamaa |
| 008 |
100301s2007 gw | s |||| 0|eng d |
| 020 |
|
|
|a 9783835055148
|9 978-3-8350-5514-8
|
| 024 |
7 |
|
|a 10.1007/978-3-8350-5514-8
|2 doi
|
| 040 |
|
|
|d GrThAP
|
| 050 |
|
4 |
|a HD28-70
|
| 072 |
|
7 |
|a KJM
|2 bicssc
|
| 072 |
|
7 |
|a BUS041000
|2 bisacsh
|
| 082 |
0 |
4 |
|a 650
|2 23
|
| 100 |
1 |
|
|a Hofer, Franz.
|
| 245 |
1 |
4 |
|a The Improvement of Technology Transfer
|h [electronic resource] :
|b An Analysis of Practices between Graz University of Technology and Styrian Companies /
|c by Franz Hofer.
|
| 260 |
|
|
|a Wiesbaden :
|b Gabler,
|c 2007.
|
| 300 |
|
|
|b digital.
|
| 650 |
|
0 |
|a Economics.
|
| 650 |
|
0 |
|a Industrial management.
|
| 650 |
1 |
4 |
|a Economics/Management Science.
|
| 650 |
2 |
4 |
|a Management/Business for Professionals.
|
| 650 |
2 |
4 |
|a Management/Business for Professionals.
|
| 710 |
2 |
|
|a SpringerLink (Online service)
|
| 773 |
0 |
|
|t Springer eBooks
|
| 776 |
0 |
8 |
|i Printed edition:
|z 9783835009042
|
| 856 |
4 |
0 |
|u http://dx.doi.org/10.1007/978-3-8350-5514-8
|z Full Text via HEAL-Link
|
| 912 |
|
|
|a ZDB-2-SBE
|
| 950 |
|
|
|a Business and Economics (Springer-11643)
|